000 00703nas a2200229 4500
001 BR7603353
003 BR-BrBNA
005 20231205083008.0
007 ta
008 230509b bl.|||p| |||| 00| 00por d
040 _aBR-BrBNA
_bpor
_cBiblioteca Nacional de Agricultura
041 _a(Pt)
072 _aL73
100 1 _aPanetta, J.C.
245 1 _aMicoplasmose: Fator de rejeicao de carcacas [Mycoplasma gallisepticum; Frango de corte; Brasil]
650 _aFRANGO DE CORTE
650 _aMICOPLASMOSE
650 _aCARCACA
773 0 _tDirigente Rural (Brazil)
_xISSN 0012-3374
_g(Jan 1976), v. 15(1-2) p. 43-44
_wBR7603353
909 _a202311
_bLúcia
_c55
_dLúcia Elande
942 _2AGRIS
_n0
_cANA
999 _c95627
_d95627